000 00541nam a2200205Ia 4500
003 IN-BaIIA
008 211028s9999 xx 000 0 eng d
040 _cIIA Library
080 _a629.01
_bBLA
100 _aBlack, P. H
_99115
245 0 _aMachine design
_cP. H. Black and O. E. Adams
250 _a3rd ed.
260 _aTokyo
_bMcGraw-Hill
_c1968
300 _av, 678p.
650 _a Machine design
_99116
650 _a Mechanical engineering 
_99117
650 _aNASA thesaurus 
700 _aAdams, O. E
_99118
942 _cBK
999 _c5128
_d5128